|
|
|
|
| LEADER |
00000cam a2200000 7i4500 |
| 001 |
0000003663 |
| 005 |
20080131.0 |
| 020 |
0 |
0 |
|a 9679502317
|
| 090 |
0 |
0 |
|a 303.49595
|b RAM
|
| 100 |
1 |
0 |
|a Ramli Abu Hassan
|
| 245 |
1 |
0 |
|a Revolusi aksi :
|b beraksi untuk kecemerlangan
|c Ramli Abu Hassan
|
| 260 |
0 |
0 |
|a Petaling Jaya :
|b IBS Buku ,
|c 2006
|
| 300 |
|
|
|a xvii, 135ms. :
|b il. ;
|c 22cm.
|
| 650 |
0 |
0 |
|a Malays
|x Social conditions
|
| 650 |
0 |
0 |
|a Social change
|z Malaysia
|
| 650 |
0 |
0 |
|a Social conflict
|z Malaysia
|
| 650 |
0 |
0 |
|a Social values
|z Malaysia
|
| 999 |
|
|
|a 0000007131
|b Monograph
|c Open Shelf
|e Default branch
|